000 00331nam a22001337a 4500
008 250403b |||||||| |||| 00| 0 eng d
020 _a0442306377
050 _aHF5635
_b.D78
100 _aDRURY Colin
245 _aManagement and Cost Accounting
260 _aUK.
_bVan Nostrand Reinhold
_c1982
300 _axv, 598p.
942 _cBK
999 _c2810
_d2810